| 000 | 01187nam a2200361 a 4500 | ||
|---|---|---|---|
| 001 | 000024434 | ||
| 003 | DO-SdBPM | ||
| 005 | 20260511132927.0 | ||
| 007 | ta | ||
| 008 | 110127s2011 ag r 000 | spa d | ||
| 020 | _a9789508023414 | ||
| 040 |
_aDO-SdBPM _bspa _cBPMSU _drda |
||
| 049 | _a | ||
| 082 | 0 | 4 |
_a361.3 _bB957i 2011 _222 |
| 100 | 1 |
_aBurgos Ortiz, Nilsa M. _4aut. _eautora |
|
| 245 | 0 | 0 |
_aInvestigación cualitativa : _bmiradadas desde el trabajo social / _c Nilsa M. Burgos Ortiz |
| 264 |
_aBuenos Aires, Argenina : _bEspacio Editorial ; _c2011 |
||
| 300 |
_a159 páginas ; _c22 cm. |
||
| 336 |
_atexto _btxt _2rdacontent |
||
| 337 |
_asin mediación _bn _2rdamedia |
||
| 338 |
_avolumen _bnc _2rdacarrier |
||
| 490 | _a | ||
| 500 | _aIncluye referencias bibliográficas y notas al pie de las páginas | ||
| 590 | _aInventariado, 2026/VM | ||
| 650 | 7 | _aInvestigación social | |
| 650 | 7 | _aInvestigación cualitativa. | |
| 650 | 7 |
_aInvestigación cualitativa _xMetodología |
|
| 700 | 1 |
_a _e coordinador |
|
| 700 | 1 | _a Gonzáles S., Máximo | |
| 700 | 1 |
_aHerrera B., Alejandro _e |
|
| 910 | _aVMateo V. Control de calidad. BPMSU | ||
| 942 |
_2ddc _cBK |
||
| 999 |
_c15840 _d15840 |
||